000 00954nam a2200217 i 4500
001 157712
003 ES-MaACL
005 20250716063315.0
008 990324s1880 sp |||| | spa d
040 _aCCPB | B
_bspa
_cCCPB | B
100 1 _aLuanco, José Ramón de,
_d1825-1905
_974486
245 1 3 _aUn libro más para el catálogo de los escritores catalanes /
_c[por José Ramón de Luanco].
260 _aBarcelona :
_b[s.n.],
_c1880 (
_fImprenta de Jaime Jepús)
300 _a25 p. ;
_c25 cm.
500 _aSeparata de: Memorias de la Real Academia de Buenas Letras de Barcelona, Tomo III.
594 _aEn pag.21 consta como autor del texto José Ramón de Luanco.
600 1 4 _aEstrucio, Bernardo.
_9150812
650 4 _aAlquimia.
_99742
852 _aES-MaACL
_jT-452-F-8
_z-- Enc. hol.
_z-- Dedicatoria ms. del autor al Ateneo de Madrid
_q-- Falto de la cub. original
_z-- Enc. en un vol. facticio
999 _c157712
_d157712